Ďalší pokrok v používaní herbicídov v obilninách

Bibliographic Details
Main Author: Gahér, Stanislav (Author)
Format: Article
Language:Slovak
Subjects:

MARC

LEADER 00000nab a2200000 a 4500
001 vtls000022938
003 SK-MaSNL
005 20260304233906.0
008 111026c1978 xo 0 slo
015 |a SNBRA19rr/mm-uuuuu 
035 |a CL0033032 
040 |a SNKBUCL  |b slo  |c SNKBUCL  |e AACR2 
041 0 |a slo 
044 |a xo  |c SK 
080 |a 632.9  |2 1981 
080 |a 632.5/.8  |2 1981 
080 |a 633.1  |2 1981 
100 1 |a Gahér, Stanislav  |4 aut  |9 797602 
245 1 0 |a Ďalší pokrok v používaní herbicídov v obilninách  |c Stanislav Gahér 
650 0 7 |a obilniny  |2 snkbucl  |9 19007 
650 0 7 |a herbicídy  |2 snkbucl  |9 14852 
655 7 |a články zo zborníkov  |2 snkbucl  |9 166140 
773 0 |t Zborník referátov prednesených pri príležitosti usporiadania 21. dní novej techniky o chemickej ochrane rastlín  |d Bratislava : Príroda, 1978 
850 |a Slovenská národná knižnica v Martine  |a MTA001 
852 |a SNK  |b KIS3GCP 
958 7 |a RK 
992 |a RZB 
999 |c 3200745  |d 3202675